| Registos Bibliográficos associados ao registo de autoridade |
|
Etiqueta de registo: 00254nam 2200025 450 001 2270899 003 http://id.bnportugal.gov.pt/bib/catbnp/2270899 100 ## $a20260224d2024 k y0pory01030103ba 101 0# $aeng$dpor 102 ## $aPT 105 ## $aa m 000yy 106 ## $ar 200 1# $aComputing by going back in the time$ecomposing video sequences through multimodal generative coordination$fLuís Henrique Pinto Arandas$gsupervisor Miguel Carvalhais, Mick Grierson 210 #9 $aPorto$c[s.n.],$d2024 215 ## $a259 p.$cil.$d30 cm 328 #1 $aTese dout. Digital Media, Universidade do Porto, 2024 675 ## $a004.5(043)$vBN$zpor$31215225 700 #1 $aArandas,$bLuís Henrique Pinto$31987066 702 #1 $aCarvalhais,$bMiguel,$f1974-$4727$31474504 702 #1 $aGrierson,$bMick$4727$31987064 801 #0 $aPT$bBN$gRPC 966 ## $lBN$mFGMON$sP. 72223 V.$x1 971 ## $ccsilva$d20260224 972 ## $e0$z0$d20260311$vlrevez 973 ## $cigoulao$d20260227 975 ## $e0$d20260312$viquintas
|
|
|